| 000 | 00640nam a2200217Ia 4500 | ||
|---|---|---|---|
| 008 | 160517s9999 xx 000 0 und d | ||
| 050 | _aTK 897.7 | ||
| 050 | _b.M266 2016 | ||
| 100 | _aManaloto, Sean Kyle Jeremiah Reynes. | ||
| 245 | _a2D digital animation on Philippine literary folklore piece "ibong adarna" / | ||
| 245 | _cSean Kyle Jeremiah Reynes Manaloto. | ||
| 260 | _aLas PiƱas, Philippines : | ||
| 260 | _bSISC, | ||
| 260 | _c2016. | ||
| 300 | _a67pages : | ||
| 300 | _billustrations ; | ||
| 300 | _c28 cm. | ||
| 500 | _aIncludes bibliographical references and appendices. | ||
| 521 | _aMedia Arts | ||
| 942 | _cTH | ||
| 999 |
_c293890 _d293890 |
||